| 000 | 03389nam a2200361 i 4500 | ||
|---|---|---|---|
| 001 | 768714001 | ||
| 003 | CO-MdFUSB | ||
| 005 | 20230411112601.0 | ||
| 007 | ta | ||
| 008 | 780506s1936 enk 000 0 eng | ||
| 010 | _a37002300 | ||
| 020 | _a[No incluye ISBN] | ||
| 040 |
_aDLC _cCO-MdFUSB _dOCL _dOCoLC _dUtOrBLW _bspa _erda |
||
| 041 | _aspa | ||
| 082 |
_223 _a201.3019 _bF848 |
||
| 100 | 1 |
_aFrazer, James George, _cSir, _d1854-1941. _eautor |
|
| 245 | 1 | 0 |
_aAftermath ; _ba supplement to the golden bough _c/ Sir James George Frazer |
| 264 | 1 |
_aLondon : _bMacmillan and Co. Limited, _c[1936] |
|
| 264 | 4 | _c© 1936 | |
| 300 |
_a494 páginas ; _c23 cm. |
||
| 336 |
_atexto _btxt _2rdacontent. |
||
| 337 |
_asin mediación _bn _2rdamedia. |
||
| 338 |
_avolumen _bnc _2rdacarrier. |
||
| 505 | _aMagia - El control mágico del clima - Los magos como reyes - Dioses humanos encarnados - Los reyes departamentales de la naturaleza - El culto a los árboles - Las reliquias del culto a los árboles en Europa - La influencia de los sexos en la vegetación - - El matrimonio sagrado - El fuego del rey - El simulacro de incendio - El padre Jove y la Madre Vesta - El origen de los incendios perpetuos - La sucesión del reino en el antiguo Lacio - San Jorge y la parilia - El roble - Dianus y Diana - Tabúes reales y sacerdotales - Los peligros del alma - Actos tabú - Personas tabú - Cosas tabú - Palabras tabú - La matanza del rey divino - La esposa del hada - Reyes temporales - Sacrificio del hijo del rey - Matar al espíritu del árbol - Balancearse como un rito mágico - El mito de Adonis - Consagración por unción - Reencarnación de los muertos - Religión volcánica - Los jardines de Adonis - El ritual de Attis - Attis como el dios padre - En la caza de cabezas - Las lágrimas de Isis - La estrella de Isis - Fiestas de todas las almas - Madre-pariente y diosa madre - Matrimonio de hermanos con hermanas - Hijos de padres vivos en ritual - Víctimas ciegas en sacrificio - Hombres vestidos de mujeres - Niños en abanicos de aventar - Significado mágico de los juegos en la agricultura primitiva - El papel de las mujeres en la agricultura primitiva - Personificación del espíritu del maíz en la cosecha - Sacrificios humanos por las cosechas - El espíritu del maíz como animal - Las Pléyades en la agricultura primitiva - Una forma primitiva de purificación - Las manías en Aricia - Los intentos de engañar a los demonios - El sacrificio de las primicias - La magia homeopática de una carne dieta - La propiciación de los animales salvajes por los cazadores - La transmigración de las almas humanas en animales - La transferencia del mal - La omnipresencia de los demonios - La expulsión pública de los males - Chivos expiatorios públicos - Las Satunalia y festivales afines - No tocar la tierra - No ver el sol - El aislamiento de las niñas en la pubertad - Las fiestas del fuego de Europa - Hombres lobo - La caminata del fuego - Las flores mágicas de la víspera del solsticio de verano - El alma externa en los cuentos populares - El alma externa en las costumbres populares - El ritual de la muerte y la resurrección - El muérdago. | ||
| 563 | _aTapa dura | ||
| 650 | 7 |
_aReligión _9385 |
|
| 653 | _aMitología | ||
| 653 | _aMagia | ||
| 653 | _aSuperstición | ||
| 942 | _cBK | ||
| 945 | _aJTF-925 | ||
| 999 |
_c66668 _d66668 |
||